ՀՀ Գիտությունների ազգային ակադեմիայի հիմնարար գիտական գրադարան  =   Fundamental Scientific Library of NAS RA

Ճարտարապետության պատմություն : (Record no. 147233)

MARC details
000 -LEADER
fixed length control field 01178nam a2200217 a 4500
001 - CONTROL NUMBER
control field 000387018
003 - CONTROL NUMBER IDENTIFIER
control field AM-YeHGA
005 - DATE AND TIME OF LATEST TRANSACTION
control field 20250618072327.0
008 - FIXED-LENGTH DATA ELEMENTS--GENERAL INFORMATION
fixed length control field 041124s1972 ai 000 | arm d
040 ## - CATALOGING SOURCE
Original cataloging agency AM-YeHGA
041 0# - LANGUAGE CODE
Language code of text/sound track or separate title arm
090 ## - LOCALLY ASSIGNED LC-TYPE CALL NUMBER (OCLC); LOCAL CALL NUMBER (RLIN)
-- 148620
245 00 - TITLE STATEMENT
Title Ճարտարապետության պատմություն :
Remainder of title Դասախոսության համառոտ շարադրանք /
Statement of responsibility, etc. ՀՍՍՀ Բարձր. և միջն. մասնագիտ. կրթ. մին.; Եր. Կ. Մարքսի անվ. Պոլիտեխնիկ. ին-տ, Ճարտարապետութ. ամբիոն.
260 ## - PUBLICATION, DISTRIBUTION, ETC.
Place of publication, distribution, etc. Երևան :
Name of publisher, distributor, etc. Ա. հ.,
Date of publication, distribution, etc. 1972.
300 ## - PHYSICAL DESCRIPTION
Extent 54 էջ :
Other physical details նկ. ;
Dimensions 20 սմ.
500 ## - GENERAL NOTE
General note Տիտղթ.-ի դարձերեսին՝ Է. Արևշատյան
650 14 - SUBJECT ADDED ENTRY--TOPICAL TERM
Topical term or geographic name entry element Ճարտարապետության պատմություն
700 1# - ADDED ENTRY--PERSONAL NAME
Personal name Արևշատյան, Էդուարդ Սուրենի,
Dates associated with a name 1926-
9 (RLIN) 6148
710 2# - ADDED ENTRY--CORPORATE NAME
Corporate name or jurisdiction name as entry element Բարձրագույն և միջնակարգ մասնագիտական կրթության մինիստրություն ՀՍՍՀ
710 2# - ADDED ENTRY--CORPORATE NAME
Corporate name or jurisdiction name as entry element Երևանի պոլիտեխնիկական ինստիտուտ Կ. Մարքսի անվան.
Subordinate unit Ճարտարապետության ամբիոն
Holdings
Withdrawn status Lost status Damaged status Not for loan Collection Home library Current library Date acquired Total checkouts Full call number Barcode Date last seen Price effective from Koha item type Public note
        General Fundamental Scientific Library Fundamental Scientific Library 22/12/2016   74 220049940 22/12/2016 22/12/2016 Գրքեր / Books 30 Days Loan


ՀՀ ԳԱԱ հիմնարար գիտական գրադարան
ՀՀ,Երևան 0019
Մարշալ Բաղրամյան 24/6
հեռախոս:(374-10) 52-47-50
Հետադարձ կապ

All site content, except where otherwise noted, is licensed under a
Creative Commons License